| 000 | 00446nam a2200145 a 4500 | ||
|---|---|---|---|
| 001 | 000033787 | ||
| 005 | 20200930070522.0 | ||
| 008 | 110912s1853 sp bc 000 0 spa d | ||
| 040 |
_aDO-SdBNP _bspa _cBNPHU |
||
| 082 |
_axxx _bC198c |
||
| 100 | 1 |
_aCampoamor, Ramón de _959210 |
|
| 245 | 1 | 0 |
_aColón : _bpoema / _cRamón de Campoamor. |
| 260 |
_aValencia, España : _bImprenta de J. Ferrer de Orga, _c1853. |
||
| 300 |
_a244 p. : _bmap., retr. ; _c23 cm. |
||
| 999 |
_c33278 _d33278 |
||